Statistiken für NRW Quiz A-Z

Klicken Sie hier um das Quiz zu spielen!

Allgemein

  • Dieses Quiz wurde 177 mal gespielt
  • Das Durchschnittsergebnis liegt bei 15 aus 22

Antwortstatistiken

BuchtsabeFrageAntwort% Korrekt
DHauptstadt von NRWDüsseldorf
99%
FMeistgespielter Sport in NRWFußball
98%
BDie frühere Hauptstadt von DeutschlandBonn
96%
AIn welchem monat wurde NRW gegründetAugust
93%
CMeistvertretene Religion in NRWChristentum
93%
EGrößter Supermarkt in NRW (Einnahmen)Edeka
91%
RLängster Fluss in NRWRhein
87%
GStadt im Ruhrgebiet, die E-Scooter verboten hatGelsenkirchen
86%
NAngrenzendes zweit-größtes BundeslandNiedersachsen
85%
LDeutscher Meister 2024Leverkusen
83%
KVolksfest in KölnKarneval
75%
PWelches Tier ist auf dem WappenPferd
75%
TMitvertretene (nicht deutsche) Nationalität in NRWTürkisch
74%
MTorwart bei Bayern München und der Nationalmannschaft, geboren in KölnManuel Neuer
73%
WIn welcher Himmelsrichtung von Deutschland liegt NRWWesten
73%
OIn der Stadt ist Europas größtes Freizeit- und EinkaufszentrumOberhausen
71%
XEinzige Stadt in Deutschland, die mit einem „X“ beginntXanten
69%
HHöchste Statue Deutschlands, in LippeHermannsdenkmal
36%
SDie kleinste Großstadt in NRWSiegen
31%
ZEinzige Stadt in NRW die mit einem „Z“ beginntZülpich
18%
VStadt im Kreis Gütersloh mit 26.000 EinwohnernVerl
15%
J2005 bis 2010 Ministerpräsident von NRWJürgen Anton Rüttgers
9%

Verteilung der Resultate

Perzentil nach korrekt beantworteten Fragen

Anzahl Personen mit jedem Resultat

Ihre Resultats-Entwicklung

Sie haben dieses Quiz noch nicht gespielt